000 00424nam a2200157 i 4500
001 bg
100 1 _aARCIMOVIC, L. A.
245 0 _aDwiżenie zarjażennych častic w električeskich i magnitnych poljach /
_cL.A. Arcimowič, S.Ju. Lukjanov.
260 _aMoskva,
_c1972.
700 1 _aLUKJANOV, S. Ju.
040 _cBPK
041 _apol
080 _a539.1
942 _cKS
008 s pl f |000 0 pol
999 _c15390
_d15390
856 _uhttp://koha.tu.koszalin.pl/cgi-bin/koha/opac-detail.pl?biblionumber=15390
_yKatalog online BPK